000 00674nam a2200169 4500
001 145319
003 ES-MaACL
005 20230906201216.0
007 t|
008 070214s1966 sp r ||||1| spa d
100 1 _aSoria Santamaría, Francisco.
_9107369
245 1 0 _aContribución al estudio de los cementos portland resistentes a los sulfatos /
_cFrancisco Soria Santamaría.
260 _aMadrid :
_bInstituto Eduardo Torroja de la Construcción y del Cemento,
_c1966 (
_fCIDE)
300 _a107 p., 7 gráf. :
_bil. ;
_c27 cm +
_e22 gráf. pleg.
710 2 _aInstituto Eduardo Torroja de la Construcción y del Cemento.
_95030
852 _aES-MaACL
_jE-7675
_bR.91598
999 _c145319
_d145319